000 00414nam a2200157 a 4500
001 4140
005 20140414131847.0
008 090218s19uu xx 00 eng d
020 _a0750236817
050 _aM 363.7
_bG82 2004
100 _aGreen, Jen
245 _aWhy should I recycle?.
260 _aLondon :
_bHodder Wayland,
_c2002.
650 _aRecycling (Waste, etc)
_xJuvenile literature
999 _c109980
_d109980